[Event "FRA-chT2 East 0809"]
[Site "France"]
[Date "2009.01.17"]
[Round "5.2"]
[White "Deschler, Fabrice"]
[Black "Mohebbi, Jaffar"]
[Result "0-1"]
[WhiteElo "2119"]
[BlackElo "2302"]
[PlyCount "100"]
[EventDate "2008.10.19"]
[EventType "team-tourn"]
[EventRounds "11"]
[EventCountry "FRA"]
[SourceTitle "EXT 2010"]
[Source "ChessBase"]
[SourceDate "2010.11.25"]
[SourceVersion "1"]
[SourceVersionDate "2010.11.25"]
[SourceQuality "1"]
[WhiteTeam "Mulhouse III"]
[BlackTeam "Gambsheim"]
[WhiteTeamCountry "FRA"]
[BlackTeamCountry "FRA"]

1. d4 Nf6 2. Nf3 e6 3. c4 b6 4. a3 Bb7 5. Nc3 d5 6. Bf4 Bd6 7. Bxd6 Qxd6 8. e3 a6 9. b4 dxc4 10. Bxc4 Nbd7 11. h3 0-0 12. 0-0 e5 13. dxe5 Nxe5 14. Qxd6 Nxf3+ 15. gxf3 cxd6 16. Be2 Rfd8 17. Rfc1 Rac8 18. Ne4 Ne8 19. Nd2 d5 20. Nb3 Nd6 21. a4 Kf8 22. a5 b5 23. Nc5 Ke7 24. Rd1 Rc7 25. Rd4 Nf5 26. Bd3 Nxd4 27. exd4 Bc8 28. Kg2 Rd6 29. h4 Kd8 30. Kg3 h6 31. h5 Re7 32. Rc1 g6 33. Rh1 g5 34. Rc1 f5 35. f4 Rf6 36. Bf1 Rg7 37. Be2 Re7 38. Bf3 Rd6 39. Rg1 Be6 40. Re1 Bf7 41. Rh1 Ke8 42. Bd1 Kf8 43. Bc2 Re2 44. Bxf5 gxf4+ 45. Kxf4 Rxf2+ 46. Ke5 Ke7 47. Bg4 Rdf6 48. Nd3 Rg2 49. Rc1 Rxg4 50. Rc7+ Kd8 0-1

[Event "FRA-chT2 East 0809"]
[Site "France"]
[Date "2008.10.19"]
[Round "1.1"]
[White "Deschler, Fabrice"]
[Black "Genzling, Alain"]
[Result "1-0"]
[WhiteElo "2119"]
[BlackElo "2335"]
[PlyCount "115"]
[EventDate "2008.10.19"]
[EventType "team-tourn"]
[EventRounds "11"]
[EventCountry "FRA"]
[SourceTitle "EXT 2010"]
[Source "ChessBase"]
[SourceDate "2010.11.25"]
[SourceVersion "1"]
[SourceVersionDate "2010.11.25"]
[SourceQuality "1"]
[WhiteTeam "Mulhouse III"]
[BlackTeam "Vandoeuvre II"]
[WhiteTeamCountry "FRA"]
[BlackTeamCountry "FRA"]

1. Nf3 Nf6 2. c4 g6 3. Nc3 d5 4. cxd5 Nxd5 5. e4 Nb6 6. d4 Bg7 7. Be3 0-0 8. a4 a5 9. Be2 Bg4 10. Rc1 c6 11. 0-0 Bxf3 12. gxf3 N8d7 13. e5 f5 14. Qb3+ Kh8 15. f4 Rc8 16. h4 e6 17. Qxe6 Qxh4 18. Kg2 Rce8 19. Qb3 Qe7 20. Rh1 Qb4 21. Qxb4 axb4 22. a5 bxc3 23. axb6 cxb2 24. Rb1 Nxb6 25. Rxb2 Nd5 26. Bf3 Rf7 27. Bxd5 cxd5 28. Rb6 Bf8 29. Rxg6 Rg7 30. Rxg7 Kxg7 31. Rb1 Re7 32. Bd2 Kf7 33. Bb4 Rc7 34. Bxf8 Kxf8 35. Rb5 Rd7 36. f3 Ke7 37. Kg3 Kd8 38. Kh4 Rg7 39. Rxd5+ Kc7 40. Rc5+ Kb6 41. e6 Re7 42. Re5 Kc6 43. Kg5 Kd6 44. Kxf5 h5 45. Kg6 h4 46. d5 Re8 47. Rh5 Rf8 48. Kg5 b5 49. f5 Ke5 50. Rxh4 Rg8+ 51. Kh6 Kf6 52. Kh7 Rb8 53. Rh6+ Kxf5 54. e7 Re8 55. Re6 b4 56. Kg7 b3 57. Kf7 b2 58. Rb6 1-0

[Event "Figueres op 09th"]
[Site "Figueres"]
[Date "2008.08.08"]
[Round "8"]
[White "Deschler, Fabrice"]
[Black "Colls Gelaberto, Emilio"]
[Result "0-1"]
[WhiteElo "2141"]
[BlackElo "2203"]
[PlyCount "120"]
[EventDate "2008.08.02"]
[EventType "swiss"]
[EventRounds "9"]
[EventCountry "ESP"]
[SourceTitle "CBM 125 Extra"]
[Source "ChessBase"]
[SourceDate "2008.09.01"]
[SourceVersion "1"]
[SourceVersionDate "2008.09.01"]
[SourceQuality "1"]

1. d4 Nf6 2. Nf3 g6 3. c4 Bg7 4. Nc3 0-0 5. g3 d6 6. Bg2 c6 7. 0-0 Qa5 8. h3 Qb4 9. Nd2 Nbd7 10. Qc2 e5 11. d5 cxd5 12. cxd5 Nb6 13. e4 Bd7 14. Re1 Rac8 15. Qd3 Na4 16. Nxa4 Bxa4 17. Qe3 a6 18. Nb3 Bxb3 19. axb3 Bh6 20. Qc3 Rxc3 21. bxc3 Qxb3 22. Bxh6 Ra8 23. Rab1 Qc4 24. Rxb7 a5 25. Reb1 Qc8 26. Bf3 a4 27. R7b6 Qd8 28. R6b4 Nd7 29. Ra1 Nc5 30. Be3 Qa5 31. Be2 a3 32. Ra2 f5 33. f3 fxe4 34. fxe4 Nxe4 35. Rxe4 Qxc3 36. Bf2 Qb3 37. Bc4 Qb1+ 38. Re1 Qb4 39. Bf1 Qb3 40. Rea1 e4 41. Bg2 Ra4 42. Re2 Qxd5 43. Rae1 a2 44. Bxe4 Rxe4 45. Rxe4 Qxe4 46. Rxe4 a1Q+ 47. Re1 Qa4 48. h4 Kf7 49. Re3 d5 50. Rd3 Ke6 51. Rd4 Qa1+ 52. Kg2 Ke5 53. Rf4 Qb2 54. Kh3 h6 55. Kg2 Qe2 56. Rb4 Qd2 57. Rf4 g5 58. hxg5 hxg5 59. Rg4 Qc2 60. Rd4 Qxf2+ 0-1

[Event "Figueres op 09th"]
[Site "Figueres"]
[Date "2008.08.07"]
[Round "7"]
[White "Deschler, Fabrice"]
[Black "Mundet Riera, Jaume"]
[Result "1-0"]
[WhiteElo "2141"]
[BlackElo "2165"]
[PlyCount "81"]
[EventDate "2008.08.02"]
[EventType "swiss"]
[EventRounds "9"]
[EventCountry "ESP"]
[SourceTitle "CBM 125 Extra"]
[Source "ChessBase"]
[SourceDate "2008.09.01"]
[SourceVersion "1"]
[SourceVersionDate "2008.09.01"]
[SourceQuality "1"]

1. Nf3 d6 2. d4 Nf6 3. c4 Nbd7 4. Nc3 e5 5. e4 Be7 6. Be2 0-0 7. 0-0 c6 8. Re1 Qc7 9. Bf1 Re8 10. h3 Nf8 11. Be3 Ng6 12. Qc2 Nh5 13. Rad1 Rf8 14. b4 f5 15. c5 dxc5 16. dxe5 f4 17. Bxc5 Bxc5 18. bxc5 Nxe5 19. Be2 Nxf3+ 20. Bxf3 Qe5 21. Ne2 Nf6 22. Nc1 Be6 23. Rd6 Rae8 24. Nd3 Qg5 25. Kh2 Nd7 26. Rb1 Ne5 27. Nxe5 Qxe5 28. Rxb7 Rf6 29. Qb2 Qxc5 30. e5 Rf7 31. Rxf7 Bxf7 32. Bxc6 Rf8 33. Ba4 f3 34. gxf3 Kh8 35. f4 h6 36. Qd4 Qxd4 37. Rxd4 Bxa2 38. Bc2 Rc8 39. Bg6 Bb3 40. f5 Kg8 41. e6 1-0

[Event "FRA-chT1B 0708"]
[Site "France"]
[Date "2008.02.09"]
[Round "6.7"]
[White "Deschler, Fabrice"]
[Black "Forestier, Flavien"]
[Result "1/2-1/2"]
[WhiteElo "2180"]
[BlackElo "2175"]
[PlyCount "122"]
[EventDate "2007.10.21"]
[EventType "team"]
[EventRounds "11"]
[EventCountry "FRA"]
[SourceTitle "EXT 2009"]
[Source "ChessBase"]
[SourceDate "2008.11.26"]
[SourceVersion "1"]
[SourceVersionDate "2008.11.26"]
[SourceQuality "1"]
[WhiteTeam "Mulhouse II"]
[BlackTeam "Grasse"]
[WhiteTeamCountry "FRA"]
[BlackTeamCountry "FRA"]

1. d4 Nf6 2. c4 c5 3. d5 b5 4. cxb5 a6 5. b6 Qxb6 6. Nc3 g6 7. Nf3 d6 8. e4 Nbd7 9. Be2 Bg7 10. Nd2 0-0 11. Nc4 Qc7 12. Bf4 Rb8 13. 0-0 Ne8 14. Qd2 Ne5 15. Rac1 Nxc4 16. Bxc4 Qb6 17. b3 Bd7 18. Bh6 Bb5 19. Bxg7 Kxg7 20. Qe2 Bxc4 21. Qxc4 Nf6 22. Rfe1 Nd7 23. Na4 Qa5 24. Qc3+ Qxc3 25. Rxc3 Rb4 26. Nb2 Rd4 27. Nc4 f6 28. f3 Ne5 29. Nxe5 fxe5 30. Rec1 Rb8 31. Kf1 a5 32. Rc4 Kf6 33. Ke2 a4 34. R4c3 Rdb4 35. bxa4 Rxa4 36. R1c2 Rba8 37. a3 Rxa3 38. Rxa3 Rxa3 39. Rb2 Ra1 40. Kf2 Rc1 41. Rb8 Rc2+ 42. Kg3 c4 43. h4 h5 44. Rf8+ Kg7 45. Rc8 c3 46. Kh2 Rc1 47. g3 c2 48. Kg2 Kf7 49. Kh2 Rf1 50. Rxc2 Rxf3 51. Re2 e6 52. Kg2 Rd3 53. dxe6+ Kxe6 54. Ra2 Rd4 55. Kf3 Rd3+ 56. Kf2 Rc3 57. Ra8 Rc7 58. Rg8 Rf7+ 59. Ke3 Rf6 60. Re8+ Kd7 61. Rg8 Ke6 1/2-1/2

[Event "FRA-chT1B 0607"]
[Site "France"]
[Date "2007.03.10"]
[Round "10.4"]
[White "Deschler, Fabrice"]
[Black "Kessler, Martin"]
[Result "0-1"]
[WhiteElo "2168"]
[BlackElo "2149"]
[PlyCount "156"]
[EventDate "2006.10.15"]
[EventType "team"]
[EventRounds "11"]
[EventCountry "FRA"]
[SourceTitle "EXT 2008"]
[Source "ChessBase"]
[SourceDate "2007.11.25"]
[SourceVersion "1"]
[SourceVersionDate "2007.11.25"]
[SourceQuality "1"]
[WhiteTeam "Mulhouse II"]
[BlackTeam "Paris Chess Club II"]
[WhiteTeamCountry "FRA"]
[BlackTeamCountry "FRA"]

1. d4 Nf6 2. c4 e6 3. g3 Bb4+ 4. Bd2 c5 5. Bxb4 cxb4 6. Bg2 Qc7 7. Nd2 0-0 8. e3 d6 9. Ne2 e5 10. h3 Nc6 11. 0-0 Bf5 12. d5 Ne7 13. e4 Bg6 14. g4 Nd7 15. Ng3 Nc5 16. Nb3 a5 17. a3 a4 18. Nxc5 Qxc5 19. axb4 Qxb4 20. Qe2 Rfc8 21. Rfc1 Rc5 22. Bf1 f6 23. Rc3 Be8 24. Qc2 Ng6 25. Nf5 Rc7 26. b3 b5 27. bxa4 bxa4 28. Rb1 Qc5 29. Qa2 Bd7 30. Qa3 Bxf5 31. gxf5 Nf8 32. Rb5 Qxa3 33. Rxa3 Nd7 34. Bd3 Kf8 35. Kf1 Ke7 36. Ke2 Nc5 37. Bc2 Ra6 38. Kd2 Kd7 39. Kc3 Kc8 40. Kb4 Rca7 41. h4 Rb7 42. Rxb7 Kxb7 43. Rg3 a3 44. Rxg7+ Kb6 45. Rg1 a2 46. Ra1 Ra5 47. f3 Na6+ 48. Kb3 Kc5 49. Kc3 Nb4 50. Bb3 Ra7 51. h5 h6 52. Kb2 Rg7 53. Bxa2 Rg2+ 54. Kb3 Rf2 55. Bb1 Rxf3+ 56. Kb2 Rf2+ 57. Kc3 Rf3+ 58. Kd2 Kd4 59. Ra7 Rf2+ 60. Kc1 Rh2 61. c5 Kxc5 62. Rf7 Kd4 63. Rxf6 Kc3 64. Kd1 Rh1+ 65. Ke2 Rxb1 66. Rxd6 Kd4 67. f6 Rb2+ 68. Kf3 Nd3 69. Ra6 Rf2+ 70. Kg3 Kxe4 71. Ra4+ Ke3 72. Ra6 e4 73. Re6 Rf3+ 74. Kh2 Nf2 75. Kg2 Ng4 76. d6 Nxf6 77. Re7 Rf2+ 78. Kg3 Rd2 0-1

[Event "FRA-chT1B 0607"]
[Site "France"]
[Date "2007.02.25"]
[Round "9.4"]
[White "Marholev, Dimitar"]
[Black "Deschler, Fabrice"]
[Result "1/2-1/2"]
[WhiteElo "2345"]
[BlackElo "2168"]
[PlyCount "25"]
[EventDate "2006.10.15"]
[EventType "team"]
[EventRounds "11"]
[EventCountry "FRA"]
[SourceTitle "EXT 2008"]
[Source "ChessBase"]
[SourceDate "2007.11.25"]
[SourceVersion "1"]
[SourceVersionDate "2007.11.25"]
[SourceQuality "1"]
[WhiteTeam "Hyeres"]
[BlackTeam "Mulhouse II"]
[WhiteTeamCountry "FRA"]
[BlackTeamCountry "FRA"]

1. e4 c5 2. Nf3 Nc6 3. d4 cxd4 4. Nxd4 Nf6 5. Nc3 e5 6. Ndb5 d6 7. Bg5 a6 8. Na3 b5 9. Bxf6 gxf6 10. Nd5 f5 11. Bd3 Qb6 12. Qh5 Rg8 13. 0-0 1/2-1/2

[Event "FRA-chT1B 0607"]
[Site "France"]
[Date "2007.02.11"]
[Round "8.4"]
[White "Deschler, Fabrice"]
[Black "Pieroni, Guillaume"]
[Result "0-1"]
[WhiteElo "2168"]
[BlackElo "2191"]
[PlyCount "61"]
[EventDate "2006.10.15"]
[EventType "team"]
[EventRounds "11"]
[EventCountry "FRA"]
[SourceTitle "EXT 2008"]
[Source "ChessBase"]
[SourceDate "2007.11.25"]
[SourceVersion "1"]
[SourceVersionDate "2007.11.25"]
[SourceQuality "1"]
[WhiteTeam "Mulhouse II"]
[BlackTeam "Avignon"]
[WhiteTeamCountry "FRA"]
[BlackTeamCountry "FRA"]

1. d4 e6 2. c4 Nf6 3. g3 d5 4. Bg2 Be7 5. Nf3 0-0 6. 0-0 b6 7. Nc3 Bb7 8. b3 Nbd7 9. Bb2 Rc8 10. Ne5 c5 11. e3 cxd4 12. exd4 Ba6 13. Re1 Bb4 14. Re3 Bb7 15. Nb5 a6 16. a3 Be7 17. Nc3 Rc7 18. Qe2 Qa8 19. Rc1 Rfc8 20. Bf1 Bd6 21. f4 Nb8 22. Bh3 Nc6 23. Na4 Qa7 24. c5 bxc5 25. Nxc5 Nxd4 26. Bxd4 Bxc5 27. Rxc5 Rxc5 28. Nd3 Rc1+ 29. Nxc1 Rxc1+ 30. Kg2 Qxd4 31. Rd3 0-1

[Event "FRA-chT2D 0506"]
[Site "France"]
[Date "2006.04.02"]
[Round "11.5"]
[White "Deschler, Fabrice"]
[Black "Maisuradze, Nino"]
[Result "0-1"]
[WhiteElo "2155"]
[BlackElo "2213"]
[PlyCount "80"]
[EventDate "2005.10.27"]
[EventType "team-tourn"]
[EventRounds "11"]
[EventCountry "FRA"]
[SourceTitle "EXT 2006"]
[Source "ChessBase"]
[SourceDate "2005.11.24"]
[SourceVersion "1"]
[SourceVersionDate "2005.11.24"]
[SourceQuality "1"]
[WhiteTeam "Mulhouse"]
[BlackTeam "Evry II"]
[WhiteTeamCountry "FRA"]
[BlackTeamCountry "FRA"]

1. Nf3 d5 2. d4 Nf6 3. c4 e6 4. Nc3 Be7 5. Bg5 h6 6. Bh4 0-0 7. e3 b6 8. cxd5 exd5 9. Bb5 c6 10. Bd3 Nbd7 11. 0-0 Re8 12. Bg3 Bb7 13. Qc2 Nh5 14. Be5 Nhf6 15. Bf5 Nf8 16. Rfd1 a5 17. Rac1 g6 18. Bd3 Rc8 19. Qb3 N6d7 20. e4 Nxe5 21. dxe5 Bg5 22. Nxg5 hxg5 23. exd5 cxd5 24. Na4 Rxc1 25. Rxc1 Re6 26. Rd1 Nd7 27. Bf1 Nxe5 28. Nc5 bxc5 29. Qxb7 d4 30. b3 a4 31. Qa7 axb3 32. Qxc5 bxa2 33. Qa3 d3 34. Qxa2 Qd4 35. Qd2 Kg7 36. Qxg5 Ng4 37. Qd2 Rf6 38. Qxd3 Qxf2+ 39. Kh1 Ne3 40. Qd4 Nxd1 0-1

[Event "FRA-chT2D 0506"]
[Site "France"]
[Date "2006.01.15"]
[Round "6.6"]
[White "Gallini, Patrice"]
[Black "Deschler, Fabrice"]
[Result "0-1"]
[WhiteElo "2023"]
[BlackElo "2155"]
[PlyCount "78"]
[EventDate "2005.10.27"]
[EventType "team-tourn"]
[EventRounds "11"]
[EventCountry "FRA"]
[SourceTitle "EXT 2006"]
[Source "ChessBase"]
[SourceDate "2005.11.24"]
[SourceVersion "1"]
[SourceVersionDate "2005.11.24"]
[SourceQuality "1"]
[WhiteTeam "Gueugnon"]
[BlackTeam "Mulhouse"]
[WhiteTeamCountry "FRA"]
[BlackTeamCountry "FRA"]

1. Nf3 Nf6 2. c4 g6 3. Nc3 Bg7 4. e4 0-0 5. d4 d6 6. Be2 Nbd7 7. 0-0 c6 8. Bf4 Nh5 9. Be3 e5 10. dxe5 dxe5 11. Qd2 Qe7 12. Rfd1 Re8 13. Qd6 Qxd6 14. Rxd6 Bf8 15. Rdd1 Nhf6 16. Nd2 Nc5 17. f3 a5 18. Nb3 Nfd7 19. Nc1 Nb8 20. Nd3 Nba6 21. Nxc5 Nxc5 22. Rd2 Be6 23. Rad1 f6 24. Bf2 Kf7 25. b3 b6 26. Be3 g5 27. f4 gxf4 28. Bh5+ Kg7 29. Bxe8 Rxe8 30. Bf2 Be7 31. Kf1 Kf7 32. h3 Rg8 33. Bg1 h5 34. Rb1 Rg3 35. Ne2 Nxe4 36. Rdd1 Rg8 37. Bxb6 f3 38. gxf3 Bxh3+ 39. Ke1 Bb4+ 0-1

[Event "FRA-chT2D 0506"]
[Site "France"]
[Date "2005.10.16"]
[Round "1.5"]
[White "Deschler, Fabrice"]
[Black "Genzling, Alain"]
[Result "1-0"]
[WhiteElo "2157"]
[BlackElo "2128"]
[PlyCount "109"]
[EventDate "2005.10.27"]
[EventType "team-tourn"]
[EventRounds "11"]
[EventCountry "FRA"]
[SourceTitle "EXT 2006"]
[Source "ChessBase"]
[SourceDate "2005.11.24"]
[SourceVersion "1"]
[SourceVersionDate "2005.11.24"]
[SourceQuality "1"]
[WhiteTeam "Mulhouse"]
[BlackTeam "Bischwiller"]
[WhiteTeamCountry "FRA"]
[BlackTeamCountry "FRA"]

1. Nf3 f5 2. d4 Nf6 3. g3 g6 4. Bg2 Bg7 5. 0-0 0-0 6. b4 d5 7. Nbd2 c6 8. Bb2 Ne4 9. c4 Be6 10. c5 Nd7 11. Qc2 Qc7 12. a4 Bf7 13. e3 h6 14. Ne1 e5 15. Ndf3 Rae8 16. Nd3 Nxg3 17. hxg3 e4 18. Nfe5 exd3 19. Nxd3 g5 20. Rae1 Nf6 21. f4 Ng4 22. Ne5 Nxe5 23. dxe5 Be6 24. Bd4 g4 25. b5 Rb8 26. b6 Qe7 27. bxa7 Ra8 28. Rb1 Rxa7 29. Rb4 h5 30. Qf2 Rfa8 31. Rfb1 Bc8 32. Qc2 Qe6 33. Kf2 Kh7 34. Bf1 Qf7 35. Bd3 Be6 36. Qb3 Rb8 37. Rb6 h4 38. gxh4 g3+ 39. Kg2 Qh5 40. Qd1 Qxd1 41. Rxd1 Rxa4 42. Rdb1 Ra2+ 43. R1b2 Rxb2+ 44. Rxb2 Bc8 45. Ra2 Bf8 46. Ra5 Be7 47. Kxg3 Be6 48. Ra7 Rg8+ 49. Kh3 Bc8 50. Ra8 Be6 51. Ra7 Bc8 52. e6 Rg6 53. Ba6 Bxe6 54. Rxb7 Rg7 55. Rc7 1-0

[Event "St Chely d'Aubrac op 5th"]
[Site "St Chely d'Aubrac"]
[Date "2005.07.15"]
[Round "8"]
[White "Deschler, Fabrice"]
[Black "Karpatchev, Aleksandr"]
[Result "0-1"]
[WhiteElo "2167"]
[BlackElo "2487"]
[PlyCount "64"]
[EventDate "2005.07.09"]
[EventType "swiss"]
[EventRounds "9"]
[EventCountry "FRA"]
[SourceTitle "CBM 107 Extra"]
[Source "ChessBase"]
[SourceDate "2005.09.01"]
[SourceVersion "1"]
[SourceVersionDate "2005.09.01"]
[SourceQuality "1"]

1. d4 d5 2. c4 dxc4 3. e4 Nc6 4. Nf3 Bg4 5. d5 Ne5 6. Bf4 Ng6 7. Be3 e5 8. Nc3 a6 9. Bxc4 Bd6 10. Be2 Nf6 11. 0-0 0-0 12. Rc1 b5 13. a3 Qe7 14. Ne1 Bd7 15. Nd3 Nf4 16. Bf3 g5 17. Re1 Kh8 18. b4 Rg8 19. Nc5 Bc8 20. a4 bxa4 21. Qxa4 Bg4 22. Be2 a5 23. Bb5 axb4 24. Qxb4 Rab8 25. Qc4 N6h5 26. f3 Bc8 27. Ne2 g4 28. Nxf4 gxf3 29. Ncd3 Nxf4 30. Bxf4 Rxg2+ 31. Kh1 exf4 32. e5 Rxh2+ 0-1

[Event "FRA-ch Accession"]
[Site "Val d'Isere"]
[Date "2004.08.21"]
[Round "5"]
[White "Brunner, Nicolas"]
[Black "Deschler, Fabrice"]
[Result "1-0"]
[WhiteElo "2257"]
[BlackElo "2182"]
[PlyCount "87"]
[EventDate "2004.08.16"]
[EventType "swiss"]
[EventRounds "11"]
[EventCountry "FRA"]
[SourceTitle "EXT 2016"]
[Source "ChessBase"]
[SourceDate "2015.10.08"]
[SourceVersion "1"]
[SourceVersionDate "2015.10.08"]
[SourceQuality "1"]

1. d4 d5 2. c4 e6 3. Nc3 Nf6 4. cxd5 exd5 5. Bg5 Be7 6. e3 0-0 7. Qc2 c6 8. Bd3 Nbd7 9. Nf3 Re8 10. 0-0 Nf8 11. Rab1 Bg4 12. Ne5 Be6 13. b4 a6 14. a4 N6d7 15. Bxe7 Qxe7 16. Nxd7 Bxd7 17. b5 axb5 18. axb5 Qg5 19. bxc6 bxc6 20. Ne2 Re6 21. Rb7 Rh6 22. Ng3 Be8 23. Rfb1 Qh4 24. h3 Re6 25. Bf5 Re7 26. Bxh7+ Nxh7 27. Nf5 Rxb7 28. Nxh4 Rxb1+ 29. Qxb1 g6 30. Qb7 Rd8 31. Nf3 Rd6 32. Ne5 Re6 33. Nd3 Kf8 34. Qc8 Nf6 35. Ne5 Ne4 36. f3 Nd6 37. Qb8 Kg7 38. Kf2 Nf5 39. g4 Nd6 40. h4 f6 41. Qc7+ Kf8 42. Nd7+ Kg8 43. Nc5 Nb5 44. Qd8 1-0

[Event "FRA-chT"]
[Site "France"]
[Date "1994.??.??"]
[Round "8"]
[White "Deschler, Fabrice"]
[Black "Herb, Pascal"]
[Result "0-1"]
[WhiteElo "2010"]
[BlackElo "2365"]
[PlyCount "72"]
[EventDate "1994.??.??"]
[EventType "team"]
[EventRounds "11"]
[EventCountry "FRA"]
[SourceTitle "EXT 1999"]
[Source "ChessBase"]
[SourceDate "1998.11.16"]
[SourceVersion "1"]
[SourceVersionDate "1998.11.16"]
[SourceQuality "1"]

1. Nf3 b6 2. g3 Bb7 3. Bg2 c5 4. c4 g6 5. 0-0 Bg7 6. Nc3 Nf6 7. d4 cxd4 8. Nxd4 Bxg2 9. Kxg2 Qc8 10. b3 Qb7+ 11. f3 Na6 12. e4 0-0 13. Be3 Rac8 14. Rc1 Nc5 15. Qe2 d6 16. Rc2 a6 17. b4 Ncd7 18. Rfc1 e6 19. Nd1 Rfe8 20. Nb3 Ne5 21. Nf2 d5 22. cxd5 Rxc2 23. Qxc2 exd5 24. Qc7 Qa8 25. Bd4 dxe4 26. Bxe5 exf3+ 27. Kg1 Nd5 28. Qc6 Qxc6 29. Rxc6 Rxe5 30. Nd3 Re2 31. Rc8+ Bf8 32. Nbc1 Rg2+ 33. Kf1 Ne3+ 34. Ke1 Kg7 35. a3 Rxh2 36. Rc6 Rc2 0-1